Premier League Most Apps (Top 10) Quiz Stats

 Plays Quiz not verified by Sporcle

Challenge
Share
Tweet
Embed
Score 0/10 Timer 10:00
0 Plays Today
Apps Player % Correct
549Ryan Giggs
95.2%
444Paul Scholes
88%
468Frank Lampard
73.7%
441Alan Shearer
68.9%
573David James
67.1%
429Phil Neville
56.9%
535Gary Speed
55.1%
436Jamie Carragher
49.7%
496Sol Campbell
38.9%
469Emile Heskey
31.1%

You're not logged in!

Compare scores with friends on all Sporcle quizzes.
OR
Log In

You Might Also Like...

Show Comments

Extras

Top Quizzes Today


Score Distribution

Your Account Isn't Verified!

In order to create a playlist on Sporcle, you need to verify the email address you used during registration. Go to your Sporcle Settings to finish the process.

Report this User

Report this user for behavior that violates our Community Guidelines.

Details: